1938 1964 1829 1613 1623 1423 1827 1460 1243 1365 1003 1741 1238 1999 1950 1845 1200 1267 1076 1065 1437 1394 1966 1805 1604 1500 1894 1244 1659 1031 1547 1496 1685 1776 1642 1461 1329 1342 1710 1504 1316 1922 1245 1342 1409 1513 1249 1702 1772 1696 1319 1493 1011 1943 1983 1035 1451 1510 1122 1601 1224 1487 1122 1408 1667 1308 1260 1634 1638 1994 1024 1920 1986 1172 1280 1640 1887 1980 1316 1904 1492 1969 1013 1024 1179 1271 1046 1680 1620 1140 1625 1405 1907 1520 1773 1205 1635 1016 1777 BCNSPRNW ULIB Ver.6.0+V

เปลี่ยนเป็นภาษาไทย

Change to English
 แสดงรายละเอียดบรรณานุกรม
  กลับหน้าหลัก

Brief Record : Get Marc (ISO 2709) : E-mail record : QR code < ปิดหน้าต่าง
LEADER : 00000nam 2200000uu 4500
001    13399111903
003     ULIB
008    110712s2552||||th 000 0 tha d
020    9749930495
020    9789749930496
060 04 WM100^bม455จ
245 00 จิตเวชศาสตร์รามาธิบดี /^cมาโนช หล่อตระกูล, ปราโมทย์ สุคนิชย์, บรรณาธิการ
250    พิมพ์ครั้งที่ 3
260    กรุงเทพฯ :^bภาควิชาจิตเวชศาสตร์คณะแพทยศาสตร์โรงพยาบาลรามาธิบดี มหาวิทยาลัยมหิดล,^c2552
300    x, 510 หน้า ;^c21 ซม.
650  7 จิตเวชศาสตร์
700 0  มาโนช หล่อตระกูล,^eบรรณาธิการ
700 0  ปราโมทย์ สุคนิชย์,^eบรรณาธิการ
710 2  มหาวิทยาลัยมหิดล. ^bคณะแพทยศาสตร์โรงพยาบาลรามาธิบดี.^bภาควิชาจิตเวชศาสตร์
945    ^p300^l0^i18367
945    ^p300^l0^i18368
945    ^p300^l0^i18369
995    กัณชพร
999    ^aใช้งานได้ทุกระบบ
รายการนี้ยังไม่มีแท็ก
คุณยังไม่ได้ล็อกอิน คุณสามารถมีกิจกรรมร่วมกับเว็บไซต์ได้ แต่ต้องล็อกอินก่อน ::
  ล็อกอิน

รายการสื่อสารสนเทศ

ลำดับที่ ประเภท เลขเรียก/บาร์โค้ด สถานที่ สถานะ
- ไม่พบข้อมูล -

รายการใกล้เคียง
    หัวเรื่อง [จิตเวชศาสตร์]

BibComment


ยังไม่เคยถูกคอมเมนท์

คอมเมนท์ทรัพยากรรายการนี้
  คอมเมนท์: จิตเวชศาสตร์รามาธ..


 Copyright 2026. Bcnsprnw @Library